Capitals of Non-recognised Country - Statistics

General Stats
  • This quiz has been taken 43 times
    28 since last reset
  • The average score is 19 of 55
Answer Stats
''country'' Answer % Correct
Hong Kong Hong Kong
82%
Catalonia Barcelona
76%
Gibraltar Gibraltar
76%
Greenland Nuuk
76%
Puerto Rico San Juan
71%
Macau Macau
65%
Palestine Ramallah
59%
Aruba Oranjestad
53%
American Samoa Pago Pago
53%
French Guiana Cayenne
47%
Cayman islands George Town
47%
Falkland islands Stanley
47%
Faroe islands Torshavn
47%
Martinique Fort-de-France
41%
Norfolk islands Kingston
41%
Svalbard Longyearbyen
41%
New Caledonia Noumea
41%
Saint Pierre and Miquelon St-Pierre
41%
French Polynesia Papeete
35%
Transnistria Tiraspol
35%
Curaçao Willemstad
35%
Pitcairn islands Adamstown
29%
Guadeloupe Basse-Terre
29%
Isle of Man Douglas
29%
Christmas islands Flying Fish Cove
29%
Guam Hagatna
29%
Bermuda Hamilton
29%
Western Sahara Laayoune
29%
Virgin islands Road Town
29%
Jersey Saint Helier
29%
Niue Alofi
24%
Cook islands Avarua
24%
U.S. Virgin islands Charlotte Amalie
24%
Kurdistan Erbil
24%
Somaliland Hargeisa
24%
Saint Helena, Ascension, and Tristan da Cunha Jamestown
24%
Caribbean Netherlands Kralendijk
24%
Sint Maarten Philipsburg
24%
Réunion Saint-Denis
24%
Northern Mariana islands Saipan
24%
Abkhazia Sukhumi
24%
Anguilla The Valley
24%
Turks and Caicos islands Cockburn Town
18%
Saint Barthélemy Gustavia
18%
Mayotte Mamoudzou
18%
Saint Martin Marigot
18%
Wallis and Futuna Mata Utu
18%
Tokelau Nukunonu
18%
Montserrat Plymouth
18%
Guernsey Saint Peter Port
18%
South Ossetia Tskhinvali
18%
Bougainville Buka
12%
Nagorno-Karabakh Stepanakert
12%
Cocos islands West islands
12%
Northern Cyprus North Nicosia
6%
No matching quizzes found
Score Distribution
Percent of People with Each Score
Percentile by Number Answered
Your Score History
You have not taken this quiz since the last reset